Manejo integrado del picudo del algodonero en Argentina, Brasil y Paraguay : actas del seminario.

Guardado en:
Autor Corporativo: Seminario Internacional Manejo Integrado del Picudo del Algodonero en Argentina, Brasil y Paraguay Londrina, Brasil)
Formato: Libro
Idioma:Spanish
Publicado: Buenos Aires : Instituto Argentino de Sanidad y Calidad Vegetal, 1996.
Etiquetas: Agregar Etiqueta
Sin Etiquetas, Sea el primero en etiquetar este registro!
LEADER 00692nam a22001575a 4500
001 EEA.libagro005446
005 20180628110020.0
008 130809s1996####ag#a##########100#0#spa#d
020 |a 9879594703 
082 0 4 |a 633.519768 
082 0 4 |a 632.96 
111 2 |a Seminario Internacional Manejo Integrado del Picudo del Algodonero en Argentina, Brasil y Paraguay  |d (11-15 de sept. 1995 :  |c Londrina, Brasil) 
245 1 0 |a Manejo integrado del picudo del algodonero en Argentina, Brasil y Paraguay :  |b actas del seminario. 
260 |a Buenos Aires :  |b Instituto Argentino de Sanidad y Calidad Vegetal,  |c 1996. 
300 |a 249 p. :  |b il. ;  |c 30 cm. 
859 |a AR-BbBCA  |b BIB. AGRONOMIA  |h 633.519768  |i S471 1995  |p 1996/2760